000 00301nam a22001337a 4500
008 181102b xxu||||| |||| 00| 0 eng d
020 _a0721634125
041 _aeng
080 _a610.73
100 _a2
101 _aINF
245 _aPerioperative Nursing Handbook
_cPhippen, M.L
942 _2udc
_cBK
999 _c51643
_d51643